| 000 | 00737nam a22002177a 4500 | ||
|---|---|---|---|
| 003 | AM-YeHGA | ||
| 040 | _aAM-YeHGA | ||
| 090 | _c447374 | ||
| 005 | 20250617160031.0 | ||
| 008 | 191217s2019 ai ||||| |||| 00| 0 arm d | ||
| 020 | _a9789939882512 | ||
| 041 | 0 | _aarm | |
| 100 | 1 |
_aԲաղդասարյան, Կորյուն _cՎարդապետ |
|
| 245 | 1 | 0 |
_aԵրուսաղեմի Հայկական թաղամասի գաղտնիքները / _cԿորյուն վարդապետ Բաղդասարյան |
| 260 |
_aԵրևան ։ _bԼուսակն, _c2019. |
||
| 300 | _aՄաս | ||
| 505 | 1 | 0 | _gՄ. 1 (2019, 100 էջ) |
| 650 | 1 | 4 | _aՀայոց պատմություն |
| 650 | 1 | 4 | _aՍփյուռքահայ գաղթօջախներ |
| 942 |
_2udc _cBK |
||
| 999 |
_c444552 _d444552 |
||